Statistics for First Lines of Katy Perry Songs

Click here to take the quiz!

General Stats

  • This quiz has been taken 564 times
  • The average score is 8 of 19

Answer Stats

LyricSong% Correct
"Do you ever feel like a plastic bag"Firework
93%
"I used to bite my tongue and hold my breath"Roar
92%
"There's a stranger in my bed"Last Friday Night
86%
"You think I'm pretty without any makeup on"Teenage Dream
80%
"I know a place where the grass is really greener"California Gurls
74%
"Summer after high school when we first met"The One That Got Away
72%
"This was never the way I planned"I Kissed a Girl
70%
"Days like this I want to drive away"Part of Me
58%
"You gotta help me out"Waking Up in Vegas
30%
"Word on the street you got something to show me"Peacock
25%
"Comparisons are easily done"Thinking of You
25%
"He put it on me, I put it on"Not Like the Movies
19%
"She is a pyramid"Pearl
19%
"I saw a spider I didn't scream"One of the Boys
17%
"Was twenty-seven surviving my return of Saturn"By the Grace of God
16%
"Can you tell me, who called a race"This Moment
15%
"I lost myself in fear of losing you"Love Me
13%
"Is mercury in retrograde"It Takes Two
12%
"How do I get closer to you"Mannequin
11%

Score Distribution

Percentile by Number Answered

Percent of People with Each Score

Your Score History

You have not taken this quiz